Essential mystery: major filmmakers of Indian art cinema (Record no. 151925)

MARC details
000 -LEADER
fixed length control field 00391nam a2200145Ia 4500
008 - FIXED-LENGTH DATA ELEMENTS--GENERAL INFORMATION
fixed length control field 230917s9999||||xx |||||||||||||| ||und||
040 ## - CATALOGING SOURCE
-- 149474
Original cataloging agency VIVEKANANDA LIBRARY
041 ## - Language
-- English
082 ## - DDC NUMBER
Classification number 791.430954 H761E
100 ## - MAIN ENTRY--PERSONAL NAME
Personal name Hood, John
245 #0 - TITLE STATEMENT
Title Essential mystery: major filmmakers of Indian art cinema
260 ## - PUBLICATION, DISTRIBUTION, ETC. (IMPRINT)
Place of publication, distribution, etc Bangalor
Name of publisher, distributor, etc Orient Black- Swan
Date of publication, distribution, etc 2009
300 ## - PHYSICAL DESCRIPTION
Pages 631p. p.
942 ## - ADDED ENTRY ELEMENTS (KOHA)
Koha item type Books
Holdings
Withdrawn status Lost status Damaged status Not for loan Location (home branch) Sublocation or collection (holding branch) Date acquired Koha issues (times borrowed) Koha full call number Accession No. Koha date last seen Koha item type
        VIVEKANANDA LIBRARY VIVEKANANDA LIBRARY 22/06/2011   791.430954 H761E 274774 17/09/2023 Books
        VIVEKANANDA LIBRARY VIVEKANANDA LIBRARY 22/06/2011   791.430954 H761E 281042 17/09/2023 Books
        VIVEKANANDA LIBRARY VIVEKANANDA LIBRARY 22/06/2011   791.430954 H761E 316490 17/09/2023 Books
© Designed and Maintained by Vivekananda Library, MDU Rohtak